Kategorizácia informačných systémov v podniku

Identifikácia najčastejšie používaných IS systémov v podniku a ich následná kategorizácia podľa úrovní riadenia. Syntéza rozličných prístupov pri vytváraní pyramídy IS v organizácií.

Salvato in:
Dettagli Bibliografici
Autore principale: Černý, Matej, 1982-
Altri autori: Bodiš, Miloš
Natura: Capitolo di libro
Lingua:slovacco
Soggetti:
Tags: Aggiungi Tag
Nessun Tag, puoi essere il primo ad aggiungerne!!

MARC

LEADER 00000naa$a2200000$$$4500
001 0260163
005 20240502074120.7
041 0 |a slo 
044 |a SK 
245 1 0 |a Kategorizácia informačných systémov v podniku  |c Matej Černý, Miloš Bodiš 
520 |a Identifikácia najčastejšie používaných IS systémov v podniku a ich následná kategorizácia podľa úrovní riadenia. Syntéza rozličných prístupov pri vytváraní pyramídy IS v organizácií. 
610 2 0 |a systémy informačné 
610 2 0 |a podnik 
610 2 0 |a riadenie 
610 2 0 |a systémy informačné manažérske 
100 1 |a Černý, Matej, 1982- 
700 1 |a Bodiš, Miloš